| Поле | Инд. | ПП | Название | Значение |
|---|---|---|---|---|
| Тип записи | a | |||
| Библиографический уровень | m | |||
| 001 | Контрольный номер | UNIDUBNA54e9047dd0be4410abb46b247391c050 | ||
| 005 | Дата корректировки | 20260424123341.6 | ||
| 008 | Кодируемые данные | 20120911 | ||
| 017 | a | Номер регистрации авт. права | Акт приемки-передачи Произведения № 07/2025, № 07/2025/1, № 07/2025/2 от 21.03.25, согласие от 31.01.2024 | |
| 020 | a | ISBN | 978-5-89847-730-1 | |
| 040 | b | Код языка каталог. | rus | |
| e | Правила каталог. | PSBO | ||
| 041 | 0_ | a | Код языка текста | rus |
| 084 | a | Индекс другой классификации/Индекс ББК | 65.03(2Рос-4Мос)6; 63.3(2Рос-4Мос)622,6 | |
| 090 | a | Полочн. индекс | 65.03(2Рос-4Мос)6 | |
| x | Авторский знак | О-931 | ||
| 100 | 1_ | a | Автор | Лебедев А. М. |
| q | Полное имя | Лебедев Александр Михайлович | ||
| 100 | 1_ | a | Автор | Ляпина С. В. |
| q | Полное имя | Ляпина София Владимировна | ||
| 100 | 1_ | a | Автор | Соколова Е. С. |
| q | Полное имя | Соколова Елена Сергеевна | ||
| 100 | 1_ | a | Автор | Федоров С. В. |
| q | Полное имя | Федоров Сергей Викторович | ||
| 100 | 1_ | a | Автор | Шокин Я. В. |
| q | Полное имя | Шокин Ян Вячеславович | ||
| 100 | 1_ | a | Автор | Шумакова М. Д. |
| q | Полное имя | Шумакова Мария Денисовна | ||
| 245 | 10 | a | Заглавие | Оценка размера ущерба, причиненного фашистской Германией экономике Московской области во время Великой Отечественной войны в современном рублевом эквиваленте |
| b | Продолж. заглавия | монография | ||
| c | Ответственность | Министерство науки и образования РФ; Государственный университет "Дубна". Институт системного анализа и управления. Кафедра цифровой экономики и управления; рецензенты Е. Г. Стифорова, Т. В. Тюпикова; редактор, корректор Л. И. Зорина; технический редактор Ю. С. Цепилова | ||
| 260 | a | Место издания | Дубна | |
| b | Издательство | Государственный университет "Дубна" | ||
| c | Дата издания | 2025 | ||
| 300 | a | Объем | 62 с. | |
| 336 | a | Термин вида содержания | Текст | |
| 337 | a | Термин типа средства | непосредственный + электронный | |
| 504 | a | Библиография | Лит.: с. 57 | |
| 521 | 0_ | a | Примеч. о целев. назн. | студенты |
| 521 | 0_ | a | Примеч. о целев. назн. | специалисты по статитстике |
| 650 | 14 | a | Основная рубрика | история |
| a | Основная рубрика | экономика | ||
| a | Основная рубрика | экономическая история (история хозяйства) | ||
| 653 | 0_ | a | Ключевые слова | "опрокинутый тыл" |
| a | Ключевые слова | Великая Отечественная война 1941-1945 | ||
| a | Ключевые слова | военная экономика | ||
| a | Ключевые слова | военный период 1941-1945 | ||
| a | Ключевые слова | восстановление производственных мощностей | ||
| a | Ключевые слова | государственный бюджет | ||
| a | Ключевые слова | дефицит государственного бюджета | ||
| a | Ключевые слова | методика оценки | ||
| a | Ключевые слова | методика расчета | ||
| a | Ключевые слова | Москва | ||
| a | Ключевые слова | Московская область | ||
| a | Ключевые слова | национальный доход | ||
| a | Ключевые слова | организация экономической деятельности | ||
| a | Ключевые слова | оценка размера ущерба | ||
| a | Ключевые слова | оценка ущерба | ||
| a | Ключевые слова | потери | ||
| a | Ключевые слова | производственные мощности | ||
| a | Ключевые слова | производство сельскохозяйственной продукции | ||
| a | Ключевые слова | промышленное развитие | ||
| a | Ключевые слова | промышленность | ||
| a | Ключевые слова | разрушения | ||
| a | Ключевые слова | расчет рублевого эквивалента | ||
| a | Ключевые слова | реэвакуация | ||
| a | Ключевые слова | реэвакуация производтвенных мощностей | ||
| a | Ключевые слова | роль "опрокинутого тыла" | ||
| a | Ключевые слова | РСФСР | ||
| a | Ключевые слова | рублевый эквивалент ущерба | ||
| a | Ключевые слова | система управления экономикой | ||
| a | Ключевые слова | СССР | ||
| a | Ключевые слова | управление экономикой | ||
| a | Ключевые слова | фашистский режим | ||
| a | Ключевые слова | эквивалент ущерба | ||
| a | Ключевые слова | экономическая мобилизация | ||
| a | Ключевые слова | экономическая политика | ||
| 700 | 12 | a | Автор | Стифорова Е. Г. |
| e | Роль лиц | рецензент | ||
| 700 | 12 | a | Автор | Тюпикова Т. В. |
| e | Роль лиц | рецензент | ||
| 700 | 12 | a | Автор | Зорина Л. И. |
| e | Роль лиц | редактор | ||
| e | Роль лиц | корректор | ||
| 700 | 12 | a | Автор | Цепилова Ю. С. |
| e | Роль лиц | редактор | ||
| 720 | a | Наименование подборки | СЭБ5 | |
| e | Признак/вид подборки | Тематические подборки | ||
| 856 | 40 | a | Имя сервера/домена | Библиотечная система Университета "Дубна" |
| d | Путь | http://lib.uni-dubna.ru/MegaPRO/Web | ||
| i | Указания/сценарий входа | Доступ по номеру читательского билета и фамилии читателя | ||
| y | Справочный текст | Электронная версия | ||
| u | URL | https://lib.uni-dubna.ru/MegaPRO/UserEntry?Action=FindDocs&ids=184072&idb=ec_110 | ||
| 856 | 40 | a | Имя сервера/домена | ЭБС "Лань" |
| d | Путь | http://e.lanbook.com/ | ||
| i | Указания/сценарий входа | Доступ по логину и паролю | ||
| u | URL | https://e.lanbook.com/book/516059 | ||
| v | Время доступа к ресурсу | 10.04.2026 | ||
| y | Справочный текст | Электронная версия | ||
| 900 | x | Справочная информация | Полный текст | |
| 900 | a | Имя электронного ресурса | akt_07_2025_Lebedev | |
| 900 | a | Имя электронного ресурса | akt_07_2025_Fedorjv1 | |
| 900 | a | Имя электронного ресурса | akt_07_2025_Hokin2 | |
| 900 | a | Имя электронного ресурса | obl_Lebedev_Ochenka_uherba | |
| x | Справочная информация | Обложка | ||
| 900 | a | Имя электронного ресурса | soglasie_Lyapina | |
| 900 | a | Имя электронного ресурса | soglasiye_Humakova | |
| 900 | a | Имя электронного ресурса | soglasiye_Sokolova | |
| 900 | a | Имя электронного ресурса | Lebedev_Ochenka_uherba (2) | |
| x | Справочная информация | Полный текст | ||
| 901 | t | Тип документа | m | |
| 952 | a | Тип литературы для КСУ ВШ | НАУ | |
| 954 | a | Гриф | 4.50.10 |